| 000 | 00478pab a2200181 454500 | ||
|---|---|---|---|
| 008 | 180718b2010 xxu||||| |||| 00| 0 eng d | ||
| 100 | _aArestis, Philip | ||
| 245 | _aFinancial globalisation and crisis, institutional transformation and equity | ||
| 260 | _c2010 | ||
| 300 | _ap.225-38. | ||
| 362 | _aMar | ||
| 650 | _aGlobalization | ||
| 650 | _aEconomic recession | ||
| 700 | _aSingh, Ajit | ||
| 773 | _aCambridge Journal of Economics | ||
| 908 | _aN | ||
| 909 | _a86008 | ||
| 999 |
_c86008 _d86008 |
||